00309nam a22000977a 4500040000900000100002000009245004400029942001200073999001900085952010700104 cSCME aHu Fuguo991452 aUnderstanding china poverty alleviation 2ddccBK c589573d589573 00102ddc4070aSCMEbSCMEcCARTd2022-05-10l0o951.035 F957UpSCME-D240r2022-05-10w2022-05-10yBK